|
|
|
|
| LEADER |
00000nam0a2200000 4500 |
| 001 |
373491 |
| 005 |
20231102012554.0 |
| 035 |
|
|
|a (RuTPU)RU\TPU\retro\30921
|
| 035 |
|
|
|a RU\TPU\book\270400
|
| 090 |
|
|
|a 373491
|
| 100 |
|
|
|a 20221216d1970 k y0rusy50 ca
|
| 101 |
1 |
|
|a rus
|c eng
|
| 102 |
|
|
|a RU
|
| 105 |
|
|
|a y z 001zy
|
| 200 |
1 |
|
|a Основы квантовой оптики
|e пер. с англ.
|f Дж. Клаудер, Э. Сударшан
|
| 210 |
|
|
|a Москва
|c Мир
|d 1970
|
| 215 |
|
|
|a 428 с.
|c ил.
|
| 320 |
|
|
|a Библиогр.: с. 362-381.
|
| 320 |
|
|
|a Предметный указатель: с. 422-424.
|
| 606 |
1 |
|
|a Квантовая оптика
|2 stltpush
|3 (RuTPU)RU\TPU\subj\14216
|9 40672
|
| 610 |
1 |
|
|a когерентный свет
|
| 610 |
1 |
|
|a фотоотсчеты
|
| 610 |
1 |
|
|a распределение Пуассона
|
| 610 |
1 |
|
|a стохастические процессы
|
| 610 |
1 |
|
|a счетчики
|
| 610 |
1 |
|
|a статистика
|
| 610 |
1 |
|
|a усредненные уравнения
|
| 610 |
1 |
|
|a квантовая теория
|
| 610 |
1 |
|
|a статистические состояния
|
| 610 |
1 |
|
|a электромагнитное поле
|
| 610 |
1 |
|
|a уравнения движения
|
| 610 |
1 |
|
|a когерентные состояния
|
| 610 |
1 |
|
|a корреляционные функции
|
| 610 |
1 |
|
|a лазер
|
| 610 |
1 |
|
|a феноменологические модели
|
| 610 |
1 |
|
|a интерферометрия
|
| 675 |
|
|
|a 535.14
|v 3
|
| 700 |
|
1 |
|a Клаудер
|b Дж.
|
| 701 |
|
1 |
|a Сударшан
|b Э.
|
| 801 |
|
1 |
|a RU
|b 63413507
|c 20140123
|
| 801 |
|
2 |
|a RU
|b 63413507
|c 20221216
|g RCR
|
| 942 |
|
|
|c BK
|